[Event "Thessaloniki U16 6th"]
[Site "Thessaloniki"]
[Date "2019.12.06"]
[Round "3.4"]
[White "Sampsonoglou, Vasilios"]
[Black "Papasynnefakis, Konstantinos"]
[Result "1-0"]
[WhiteElo "1373"]
[BlackElo "1167"]
[PlyCount "59"]
[EventDate "2019.12.05"]
[EventType "swiss (rapid)"]
[EventRounds "8"]
[EventCountry "GRE"]
[SourceTitle "EXT 2024"]
[Source "ChessBase"]
[SourceDate "2023.10.10"]
[SourceVersion "1"]
[SourceVersionDate "2023.10.10"]
[SourceQuality "1"]

1. e4 e5 2. Nf3 Nc6 3. Bc4 Nf6 4. d3 d6 5. h3 h6 6. 0-0 g5 7. Nh2 Rg8 8. g4 Ne7 9. d4 Ng6 10. Nf3 Qe7 11. Nc3 a6 12. dxe5 dxe5 13. Nd5 Nxd5 14. exd5 Qd6 15. Re1 f6 16. Nd2 Bg7 17. Ne4 Qb4 18. Bb3 Rf8 19. c3 Qe7 20. d6 Qd7 21. Qd3 Nf4 22. Bxf4 gxf4 23. Nc5 Qxd6 24. Qg6+ Ke7 25. Qxg7+ Ke8 26. Ne4 Qc6 27. Rad1 Bd7 28. Rxd7 Qxd7 29. Nxf6+ Rxf6 30. Qxf6 1-0